<?xml version="1.0" encoding="UTF-8"?>
<record
    xmlns:xsi="http://www.w3.org/2001/XMLSchema-instance"
    xsi:schemaLocation="http://www.loc.gov/MARC21/slim http://www.loc.gov/standards/marcxml/schema/MARC21slim.xsd"
    xmlns="http://www.loc.gov/MARC21/slim">

  <leader>01024nam a22002537a 4500</leader>
  <datafield tag="952" ind1=" " ind2=" ">
    <subfield code="a">0001</subfield>
    <subfield code="b">0001</subfield>
    <subfield code="d">2019-06-19</subfield>
    <subfield code="l">0</subfield>
    <subfield code="o">150.195 R67r 2015</subfield>
    <subfield code="p">019221</subfield>
    <subfield code="r">2019-06-19 00:00:00</subfield>
    <subfield code="w">2019-06-19</subfield>
    <subfield code="y">BKS</subfield>
  </datafield>
  <datafield tag="999" ind1=" " ind2=" ">
    <subfield code="c">13325</subfield>
    <subfield code="d">13325</subfield>
  </datafield>
  <controlfield tag="003">MIRAKIL</controlfield>
  <controlfield tag="005">20190619153627.0</controlfield>
  <controlfield tag="008">190619b        tu ||||| |||| 00| 0 tur d</controlfield>
  <datafield tag="020" ind1=" " ind2=" ">
    <subfield code="a">9786053994282</subfield>
  </datafield>
  <datafield tag="040" ind1=" " ind2=" ">
    <subfield code="a">TRAn-CHP</subfield>
    <subfield code="c">TRAn-CHP</subfield>
  </datafield>
  <datafield tag="082" ind1=" " ind2=" ">
    <subfield code="a">150.195</subfield>
    <subfield code="b">R67r 2015</subfield>
  </datafield>
  <datafield tag="100" ind1="1" ind2=" ">
    <subfield code="a">Rosenfeld, David.</subfield>
  </datafield>
  <datafield tag="245" ind1="1" ind2="0">
    <subfield code="a">Ruh, zihin ve psikanalist:</subfield>
    <subfield code="b">psikotik y&#xF6;nleri olan hastalarla psikanalitik &#xE7;er&#xE7;evenin yarat&#x131;lmas&#x131;/</subfield>
    <subfield code="c">David Rosenfeld; &#xE7;eviren Sevil Uzuno&#x11F;lu.</subfield>
  </datafield>
  <datafield tag="246" ind1="3" ind2="0">
    <subfield code="a">Psikotik y&#xF6;nleri olan hastalarla psikanalitik &#xE7;er&#xE7;evenin yarat&#x131;lmas&#x131;.</subfield>
  </datafield>
  <datafield tag="260" ind1=" " ind2=" ">
    <subfield code="a">&#x130;stanbul:</subfield>
    <subfield code="b">&#x130;stanbul Bilgi &#xDC;niversitesi Yay&#x131;nlar&#x131;,</subfield>
    <subfield code="c">2015.</subfield>
  </datafield>
  <datafield tag="300" ind1=" " ind2=" ">
    <subfield code="a">xix, 241 s.:</subfield>
    <subfield code="b">&#xE7;iz.;</subfield>
    <subfield code="c">23 sm.</subfield>
  </datafield>
  <datafield tag="490" ind1="1" ind2=" ">
    <subfield code="a">&#x130;stanbul Bilgi &#xDC;niversitesi Yay&#x131;nlar&#x131;;</subfield>
    <subfield code="v">539.</subfield>
    <subfield code="a">Psike &#x130;stanbul Psikanaliz Kitapl&#x131;&#x11F;&#x131;, &#x15E;imdi ve Burada;</subfield>
    <subfield code="v">6.</subfield>
  </datafield>
  <datafield tag="504" ind1=" " ind2=" ">
    <subfield code="a">Kaynak&#xE7;a ve dizin vard&#x131;r.</subfield>
  </datafield>
  <datafield tag="650" ind1=" " ind2="0">
    <subfield code="a">Psikanaliz</subfield>
    <subfield code="9">5678</subfield>
    <subfield code="x">uygulama</subfield>
  </datafield>
  <datafield tag="650" ind1=" " ind2="0">
    <subfield code="a">Psikoterapi</subfield>
    <subfield code="9">5837</subfield>
  </datafield>
  <datafield tag="650" ind1=" " ind2="0">
    <subfield code="a">Psikozlar</subfield>
    <subfield code="9">5838</subfield>
    <subfield code="x">tedavi</subfield>
  </datafield>
  <datafield tag="700" ind1="1" ind2=" ">
    <subfield code="a">Uzuno&#x11F;lu, Sevil.</subfield>
    <subfield code="e">&#xE7;ev.</subfield>
  </datafield>
  <datafield tag="942" ind1=" " ind2=" ">
    <subfield code="2">ddc</subfield>
    <subfield code="c">BKS</subfield>
  </datafield>
</record>
